000 00257nam a22001217a 4500
008 190223b xxu||||| |||| 00| 0 eng d
041 _aeng
080 _a510
100 _a36
101 _aMAT
245 _aCollege Algebra
_cRockswold, G
942 _2udc
_cBK
999 _c54142
_d54142